Zaha Hadid

Guardado en:
Detalles Bibliográficos
Formato: Libro
Lenguaje:inglés
Publicado: New York : Guggenheim Museum, 2006
Materias:
Etiquetas: Agregar Etiqueta
Sin Etiquetas, Sea el primero en etiquetar este registro!

MARC

LEADER 00000nam a22000003a 4500
001 stu133745
005 20141122163858.3
008 061227s2006------------------------eng-d
020 |a 0-89207-346-2 
040 |a STU  |b slo 
041 0 |a eng 
245 |a Zaha Hadid 
260 |a New York :  |b Guggenheim Museum,  |c 2006 
300 |a 197 s 
650 7 |a Hadid, Zaha  |2 stusub 
996 |b 284AU03370  |c A*5115  |l AAKNST  |s P  |a 0  |w stu133745_0001